000 01379cam a22003013a 4500
999 _c23155
_d23155
001 12928931
005 20170125162317.0
008 020913s2001 ilua b 000 0 eng d
010 _a 2002512355
020 _a1575174413
035 _a(OCoLC)ocm49304030
040 _aNHS
_cNHS
_dDLC
050 0 0 _aLB 3013 .B87 2001
100 1 _aBurke, Kay.
245 1 0 _aTips for managing your classroom /
_cKay Burke.
260 _aArlington Heights, IL :
_bSkylight Professional Development,
_cc2001.
300 _a39 p. :
_bill. ;
_c22 cm.
500 _a"Adapted from chapter 4 of What to do with the kid who...: developing cooperation, self-discipline, and reponsibility in the classroom, 2nd. edition." (from t.p.)
500 _aIncludes bibliographical references (p. 39)
650 0 _aClassroom management
_zUnited States
_vHandbooks, manuals, etc.
650 0 _aSchool discipline
_zUnited States
_vHandbooks, manuals, etc.
700 1 _aBurke, Kay
_tWhat to do with the kid who.
906 _a7
_bcbc
_ccopycat
_d3
_encip
_f20
_gy-gencatlg
942 _2lcc
_cBOOKS
_hLB 3013 .B87 2001